Statistics for Cities in the Pokémon Galar Region on a Map

Click here to take the quiz!

General Stats

  • This quiz has been taken 569 times
  • The average score is 8 of 12

Answers on the Map

Answers color-coded by a green-red scale on the quiz's map according to % correct below.
 

Answer Stats

Answer% Correct
Battle Tower
81%
Ballonlea
77%
Motostoke
76%
Hammerlocke
75%
Spikemuth
73%
Wyndon
73%
Stow-on-Side
70%
Circhester
69%
Turffield
67%
Wedgehurst
64%
Hulbury
62%
Postwick
62%

Score Distribution

Percentile by Number Answered

Percent of People with Each Score

Your Score History

You have not taken this quiz